000 00293nam a22001217a 4500
003 SGT
082 _a616.89
_bA15G
100 _aGANDHI, SAILAXMI
245 _aACTIVITIES OF DAILY LIVING IN PERSON WITH MENTAL ILLNESS
260 _aINDIA
_bNIMHANS
_c2015
300 _a44
942 _2ddc
_cBK
_01
999 _c15092
_d15092